00591nam a2200145 a 450000100100000000500170001000800410002704000250006810000330009324500500012626000680017630000200024495201640026499900170042800003348920200930070308.0110830s1940 dr 000 0 spa d aDO-SdBNPbspacBNPHU1 aÁlvarez, J. Virgilo95901710aBrisas de primavera /cJ. Virgilio Álvarez. aSantiago, República Dominicana :bImp. Muchas Gracias,c1940. a51 p. ;c19 cm. 001050718RVaPDbPDcCTd2011-08-30iLF1l0o p33489-10r2020-06-25w2020-06-25y1zPerteneció a la biblioteca personal de Martínez BoogZNo se presta c32980d32980